000 00641nam a2200181Ia 4500
008 151018s9999 xx 000 0 und d
082 _bRBASDV4976
_a891.463
100 _aश्रीराम अट्रावकर
245 _aपुस्तकांचा जन्म
250 _b1
260 _bशरदचंद्र टोंगो
_c1960
300 _a10
600 _aश्रीराम अट्रावकर
630 _aपुस्तकांचा जन्म
700 _aश्रीराम अट्रावकर
730 _aपुस्तकांचा जन्म
942 _cBOOK
999 _c1007360
_d1007357